Contraponto / (Record no. 326)

MARC details
000 -LÍDER
campo de controle de tamanho fixo 01217nam a22003377a 4500
001 - NÚMERO DE CONTROLE
campo de controle 326
003 - IDENTIFICADOR DO NÚMERO DE CONTROLE
campo de controle OSt
005 - DATA E HORÁRIO DA ÚLTIMA TRANSAÇÃO
campo de controle 20250528074018.0
008 - CAMPO DE DADOS FIXOS--INFORMAÇÃO GERAL
campo de controle de tamanho fixo 250327b |||||||e |||| 00| f eng d
020 ## - ISBN - INTERNATIONAL STANDARD BOOK NUMBER
ISBN - International Standard Book Number 9788525034663
040 ## - FONTE DA CATALOGAÇÃO
Idioma da catalogação por
041 ## - CÓDIGO DE IDIOMA
Código do idioma do original e/ou traduções intermediárias do texto eng
Código do idioma do texto/trilha sonora ou título diferente por
082 ## - CDD - CLASSIFICAÇÃO DECIMAL DE DEWEY
Número de Classificação 823
Número do exemplar H986c
100 1# - ENTRADA PRINCIPAL--NOME PESSOAL
Nome pessoal Huxley, Aldous,
Datas associadas ao nome 1894-1963
9 (RLIN) 660
240 ## - TÍTULO UNIFORME
Título uniforme Point counter point
245 ## - TÍTULO
Título Contraponto /
Indicação de responsabilidade, etc. Huxley, Aldous ; Tradução de Érico Veríssimo e Leonel Vallandro
260 ## - PUBLICAÇÃO, DISTRIBUIÇÃO, ETC.
Local de publicação, distribuição, etc. São Paulo
Nome do editor, distribuidor, etc. Abril
Data da publicação, distribuição, etc. 1971
300 ## - DESCRIÇÃO FÍSICA
Extensão 445 p.
490 1# - TÍTULO DA SÉRIE
Título da série Os Imortais da Literatura Universal
520 ## - NOTA DE RESUMO, ETC.
Resumo, etc. Retrato da decadência dos valores que vigoravam antes do fim da Primeira Guerra Mundial, "Contraponto" mostra uma sociedade que busca novos rumos mas não tem coragem de romper com o passado.<br/>
650 #0 - ASSUNTO--TERMO TÓPICO
Cabeçalho tópico ou nome geográfico Literatura Inglesa
9 (RLIN) 89
650 #0 - ASSUNTO--TERMO TÓPICO
Cabeçalho tópico ou nome geográfico Primeira Guerra Mundial
9 (RLIN) 663
650 #0 - ASSUNTO--TERMO TÓPICO
Cabeçalho tópico ou nome geográfico Ciência X Religião
9 (RLIN) 664
650 #0 - ASSUNTO--TERMO TÓPICO
Cabeçalho tópico ou nome geográfico Crítica social
9 (RLIN) 514
655 #0 - TERMO DE ÍNDICE--GÊNERO E FORMA
Gênero/forma/ou termo foco Romance
655 #0 - TERMO DE ÍNDICE--GÊNERO E FORMA
Gênero/forma/ou termo foco Ficção
700 1# - ENTRADA ADICIONADA - NOME PESSOAL
Nome pessoal Veríssimo, Érico,
Datas associadas ao nome 1905-1975
Função do autor por extenso TRADUTOR
9 (RLIN) 521
700 ## - ENTRADA ADICIONADA - NOME PESSOAL
Nome pessoal Vallandro, Leonel.
Datas associadas ao nome 1907- 1989
Função do autor por extenso TRADUTOR
9 (RLIN) 669
830 ## - ENTRADA SECUNDÁRIA DE SÉRIE--TÍTULO UNIFORME
Título uniforme Os Imortais da Literatura Universal
9 (RLIN) 461
Número do volume ou designação sequencial da série vol. 25
942 ## - ELEMENTOS DE ENTRADA ADICIONADOS (KOHA)
Fonte de classificação ou esquema de arquivamento Classificação decimal de Dewey
Ocultar no OPAC Não
Tipo de material Koha Livros
Holdings
Situação do descarte Situação das perdas Fonte de classificação ou esquema de arquivamento Status danificado Não pode ser emprestado Coleção Biblioteca de origem Biblioteca atual Localização na estante Data de aquisição Total de empréstimos Número de chamada completo Código de barras Data de último acesso Data do preço efetivo Tipo de material Koha
    Classificação decimal de Dewey     Ficção Biblioteca Professor Eduardo Afonso de Castro Biblioteca Professor Eduardo Afonso de Castro Literatura Estrangeira 27.03.2025   823 / H986c 2025-17279 27.03.2025 27.03.2025 Livros

Powered by Koha